Statistics for Hermitcraft TCG - Match the Description to the Card

Click here to take the quiz!

General Stats

  • This quiz has been taken 4 times
  • The average score is 6 of 15

Answer Stats

HintAnswer% Correct
Removes or prevents burn and removes stringWater Bucket
100%
Has the attacks: ‘It's Fine’ and ‘Revenge’Common Cleo
75%
Has the attacks: ‘=π’ and ‘Alright’Common Tinfoilchef
75%
This Effect Card is the only one that cannot be pulled from a chest for balancing reasons.Clock
50%
Has the Special Attack: Anvil Drop - Flip a Coin, if heads to an additional 30hp damage to opponents active Hermit, and 10hp damage to every Hermit under itGoatFather
50%
Has the Special Attack: Boomer - For every AFK BDubs and Tango you have, deal +40hp damage, for a macimum of +80hp damage.Rare Impulse
50%
Counts as 1 Item Card for type with only 1 Alter Ego Hermit Card×1 Miner OR ×1 Farm
25%
You're Opponent's Active Hermit can't go AFK next turnCurse of Binding
25%
Choose 1 of your Opponent's AFK Hermits to make active after your attack. Also flip a coin, if heads, deal 10hp damage to themEgg
25%
These 3 Hermit Cards were made after Season 9 and are not on HCTCG OnlinePrincess Gem, IskallMAN, Worm Man
25%
This was the first Hermit Card worked on by VintageBeefRare BDubs
25%
Choose 1 of your opponents AFK Hermits to take all damage done this turnTarget Block
25%
None of this Hermit Card's attacks require specific Item Cards to be able to useUltra Rare Etho
25%
For every Hermit Attacked on Opponent's turn, Opponent's active Hermit takes 20hp damage.Wolf
25%
Counts as 2 Item Cards for type weak to PvP and strong against Miner and Prankster×2 Speedrunner
0%

Score Distribution

Percentile by Number Answered

Percent of People with Each Score

Your Score History

You have not taken this quiz